书目信息 |
| 题名: |
杨万里书启序跋文研究
|
|
| 作者: | 马海音 著 | |
| 分册: | ||
| 出版信息: | 北京 中国文史出版社 2015 |
|
| 页数: | 221页 | |
| 开本: | 24cm | |
| 丛书名: | 学术之星文库 | |
| 单 册: | ||
| 中图分类: | J292.112.5 | |
| 科图分类: | ||
| 主题词: | 书法评论--中国--南宋 | |
| 电子资源: | ||
| ISBN: | 978-7-5034-5652-7 | |
| 000 | 01190nam0 2200289 450 | |
| 001 | 338428 | |
| 005 | 20150602154308.37 | |
| 010 | @a978-7-5034-5652-7@b精装@dCNY68.00 | |
| 100 | @a20150429d2015 em y0chiy50 ea | |
| 101 | 0 | @achi |
| 102 | @aCN@b110000 | |
| 105 | @ay z 000yy | |
| 106 | @ar | |
| 200 | 1 | @a杨万里书启序跋文研究@Ayang wan li shu qi xu ba wen yan jiu@d= Study on Yang Wanli's letters and preface and postscript@f马海音著@zeng |
| 210 | @a北京@c中国文史出版社@d2015 | |
| 215 | @a221页@d24cm | |
| 225 | 1 | @a学术之星文库 |
| 300 | @a甘肃政法学院重点科研资助项目 | |
| 330 | @a杨万里是古代中国最有魅力的诗人之一。本书通过分析其极具个性色彩的书启序跋文, 凸显诗人重气尚用、重味尚变的文学思想, 救亡图存、养民兴国的政治思想以及理趣兼具、雅俗共赏、省净凝练、气势非凡的艺术风格。同时, 本书成功还原了杨万里耿介率真、幽默风趣、睿智豁达的人格形象。 | |
| 410 | 0 | @12001 @a学术之星文库 |
| 510 | 1 | @aStudy on Yang Wanli's letters and preface and postscript@zeng |
| 600 | 0 | @a杨万里@f(1127-1206)@x书法评论 |
| 606 | 0 | @a书法评论@y中国@z南宋 |
| 690 | @aJ292.112.5@v5 | |
| 701 | 0 | @a马海音@Ama hai yin@4著 |
| 801 | 0 | @aCN@b卓展宏图@c20150525 |
| 905 | @dJ292.112.5@e546@f4 | |
| 杨万里书启序跋文研究= Study on Yang Wanli's letters and preface and postscript/马海音著.-北京:中国文史出版社,2015 |
| 221页;24cm.-(学术之星文库) |
| 甘肃政法学院重点科研资助项目 |
| ISBN 978-7-5034-5652-7(精装):CNY68.00 |
| 杨万里是古代中国最有魅力的诗人之一。本书通过分析其极具个性色彩的书启序跋文, 凸显诗人重气尚用、重味尚变的文学思想, 救亡图存、养民兴国的政治思想以及理趣兼具、雅俗共赏、省净凝练、气势非凡的艺术风格。同时, 本书成功还原了杨万里耿介率真、幽默风趣、睿智豁达的人格形象。 |
| ● |
| 相关链接 |
|
|
|
|
正题名:杨万里书启序跋文研究
索取号:J292.112.5/546
 
预约/预借
| 序号 | 登录号 | 条形码 | 馆藏地/架位号 | 状态 | 备注 |
| 1 | 862143 | 208621437 | 第一样本阅览室/ [索取号:J292.112.5/546] | 在馆 | |
| 2 | 862144 | 208621446 | 第一借阅区/ [索取号:J292.112.5/546] | 在馆 | |
| 3 | 862145 | 208621455 | 第一借阅区/ [索取号:J292.112.5/546] | 在馆 | |
| 4 | 862146 | 208621464 | 第一借阅区/ [索取号:J292.112.5/546] | 在馆 |